000 00353pam a2200157a 44500
008 230515b1967 xxu||||| |||| 00| 0 eng d
020 _aNULL
041 _aENGLISH
082 _a630
100 _aW H HAYT
245 _aENGINEERING ELECTROMAGETICS
250 _a2
260 _aDELHI
_bMATRUBHUMI PRAKASHAN
_c1967
300 _a435
650 _aNULL
999 _c651512
_d651512